00394nam a2200121Ia 4500008004100000245013300041260001700174260000900191300000800200650002300208650001200231856002900243170516s9999 xx 000 0 und d aAntitumor therapeutic application of self-assembled RNAi-AuNP nanoconstructs: Combination of VEGF-RNAi and photothermal ablation bTheranostics c2017 a7:1 xMedical Technology xMedtech uhttp://www.thno.org/v7i1